Recent trends in artificial intelligence towards a smart world (Registro nro. 325177)

Detalles MARC
000 -ENCABEZADO
Número de control [NR] 03422nam a22002897a 4500
005 - FECHA Y HORA DE LA ÚLTIMA TRANSACCIÓN
control field 20250213151253.0
008 - DE LONGITUD FIJA DE DATOS DE ELEMENTOS - INFORMACIÓN GENERAL
Elementos de longitud fija [NR] 250213b ||||| |||| 00| 0 eng d
020 ## - NUMERO INTERNACIONAL NORMALIZADO PARA LIBROS [R]
Número Internacional Normalizado del libro [NR] 9789819767892
020 ## - NUMERO INTERNACIONAL NORMALIZADO PARA LIBROS [R]
Número Internacional Normalizado del libro [NR] 9789819767908
040 ## - FUENTE DE CATALOGACION [NR]
Agencia de catalogación original [NR] CO-BoUCM
Quien Cataloga David Moreno
Quien Clasifica David Moreno
041 ## - CODIGO DE IDIOMA [R]
Código de idioma para texto/pista de sonido o título separado [R] Inglés
245 00 - MENCION DE TITULO [NR]
Título [NR] Recent trends in artificial intelligence towards a smart world
Parte restante del título [NR] applications in industries and sectors
Mención de responsabilidad, etc. [NR] Rajeev Arya, Subhash Chander Sharma, Ajit Kumar Verma …[and another].
250 ## - MENCION DE EDICION [NR]
Mención de edición [NR] 1a. Ed
260 ## - PUBLICACION, DISTRIBUCION, ETC. (PIE DE IMPRENTA) [R]
Lugar de publicación, distribución, etc. [R] Singapore
Nombre del editor, distribuidor, etc. [R] Springe
Fecha de publicación, distribución, etc. [R] 2024
300 ## - DESCRIPCION FISICA [R]
Extensión [R] 431 Paginas
490 1# - MENCION DE SERIE [R]
Mención de serie [R] Frontiers of Artificial Intelligence, Ethics and Multidisciplinary Applications
505 0# - NOTA DE CONTENIDO CON FORMATO PREESTABLECIDO [R]
Mención de responsabilidad [R] Intro -- Preface -- Contents -- Editors and Contributors -- 1 AI-Driven Cognitive Radio Networks for Transforming Industries and Sectors Towards a Smart World -- 1.1 Introduction -- 1.2 Integration of AI in CRNs -- 1.3 The Potential for AI-Driven CRNs to Revolutionize a Variety of Industries -- 1.4 Cognitive Radio Networks and Artificial Intelligence -- 1.4.1 Cognitive Radio Networks: An Overview -- 1.4.2 Artificial Intelligence: An Overview -- 1.5 Artificial Intelligence in Cognitive Radio Networks -- 1.5.1 Artificial Intelligence Methodologies to Cognitive Radios Networks 1.5.2 Machine Learning Approaches to Cognitive Radio Networks -- 1.6 Applications of CRNs and AI-Driven CRNs in Sectors of Smart World -- 1.6.1 Application of the Cognitive Radio Networks -- 1.6.2 Application of the AI-Driven CRNs -- 1.7 Challenges and Solutions of AI-Driven CRNs -- 1.8 Future Trends AI-Driven CRNs and Anticipated Impacts on Industries and Sectors -- 1.9 Conclusion -- References -- 2 Beyond the Code: Bridging Ethical and Practical Gaps in Data Privacy for AI-Enhanced Healthcare Systems -- 2.1 Introduction -- 2.2 The Pivotal Role of Patient Data -- 2.3 Background 2.4 Types of Healthcare Data -- 2.5 Evolution to Digital Health Records -- 2.6 Challenges in AI for Healthcare Systems -- 2.6.1 Data Privacy and Security -- 2.6.2 Bias and Fairness thical -- 2.6.3 Reliability and Accountability -- 2.7 AI in Diagnostic Imaging: Transforming Radiology with Deep Learning -- 2.7.1 Introduction to AI in Diagnostic Imaging -- 2.7.2 The Role of AI in Radiology -- 2.7.3 Advanced Applications of AI in Radiology -- 2.7.4 Integration of AI in Radiological Workflows -- 2.7.5 Addressing Challenges in AI-Driven Radiology 2.8 Case Study: AI-Powered Detection of Pulmonary Diseases -- 2.9 Introduction to AI in Patient Monitoring -- 2.10 Case Study: AI for Enhanced Patient Monitoring and Care -- 2.11 Introduction to AI in Drug Discovery -- 2.11.1 AI's Impact on the Drug Discovery Process -- 2.11.2 The Role of AI in Personalized Medicine -- 2.11.3 Overcoming Challenges in Drug Discovery with AI -- 2.11.4 AI Collaborations in Pharma -- 2.12 Case Study: Accelerating Alzheimer's Drug Discovery -- 2.13 Ethical Debates and Perspectives in AI-Enhanced Healthcare -- 2.14 AI's Broad Impact Across Healthcare Sectors
650 14 - ASIENTO SECUNDARIO DE MATERIA - TERMINO TEMATICO [R]
Término temático o nombre geográfico como elemento de entrada [NR] Internet de las cosas
9 (RLIN) 101198
650 14 - ASIENTO SECUNDARIO DE MATERIA - TERMINO TEMATICO [R]
Término temático o nombre geográfico como elemento de entrada [NR] Internet de los objetos
9 (RLIN) 184386
650 14 - ASIENTO SECUNDARIO DE MATERIA - TERMINO TEMATICO [R]
Término temático o nombre geográfico como elemento de entrada [NR] Inteligencia artificial
9 (RLIN) 17844
700 1# - ASIENTO SECUNDARIO - NOMBRE PERSONAL [R]
Nombre personal [NR] Arya, Rajeev.
Término de relación [R] editor
9 (RLIN) 184382
700 1# - ASIENTO SECUNDARIO - NOMBRE PERSONAL [R]
Nombre personal [NR] Sharma, Subhash Chander.
Término de relación [R] editor
9 (RLIN) 184383
700 1# - ASIENTO SECUNDARIO - NOMBRE PERSONAL [R]
Nombre personal [NR] Verma, Ajit Kumar
Término de relación [R] editor
9 (RLIN) 184384
700 1# - ASIENTO SECUNDARIO - NOMBRE PERSONAL [R]
Nombre personal [NR] Iyer, Brijesh
Término de relación [R] editor
9 (RLIN) 184385
942 ## - ELEMENTOS DE ENTRADA AGREGADOS (KOHA)
Sistema de clasificación DEWEY
Tema principal Ciencias aplicadas
Tipo de ítem principal el descrito en 300a Libro
Edición 1
Clasificación 006.3
Parte restante de la signatura top. A796r
Título oculto en OPAC No
Existencias
Total préstamos Signatura topográfica Código de barras Última vez visto Ejemplar Price effective from Tipo de ítem Perdido Sistema de clasificación Dañado No prestable Tipo de ítem específico Suprimido Ubicación habitual Ubicación actual Localización Fecha de creación Forma de adquisición Costo
  006.3 A796r 100173641 03/12/2025 Ej.1 13/02/2025 Libro   DEWEY     Libro   Claustro Claustro 4to piso 13/02/2025 Compra 709852.00